Online
Catalog

Actitudes ante la Cultura Clásica a lo largo de la historia / (Record no. 42034)

MARC details
000 -CABECERA
campo de control de longitud fija 00619nam a2200181 a 4500
001 - NÚMERO DE CONTROL
campo de control 000042545
005 - FECHA Y HORA DE LA ÚLTIMA TRANSACCIÓN
campo de control 20201002040227.0
008 - DATOS DE LONGITUD FIJA--INFORMACIÓN GENERAL
campo de control de longitud fija 131211s1972 sp r 000 0 spa d
040 ## - FUENTE DE LA CATALOGACIÓN
Centro catalogador/agencia de origen DO-SdBNP
Lengua de catalogación spa
Centro/agencia transcriptor BNPHU
082 ## - NÚMERO DE LA CLASIFICACIÓN DECIMAL DEWEY
Número de clasificación xxxx
Número de documento/Ítem xxxx
100 1# - ENTRADA PRINCIPAL--NOMBRE DE PERSONA
Nombre de persona Muñoz Valle, Isidoro
9 (RLIN) 69784
245 10 - MENCIÓN DE TÍTULO
Título Actitudes ante la Cultura Clásica a lo largo de la historia /
Mención de responsabilidad, etc. Isidoro Muñoz Valle.
260 ## - PUBLICACIÓN, DISTRIBUCIÓN, ETC.
Lugar de publicación, distribución, etc. Madrid :
Nombre del editor, distribuidor, etc. Gráficas Cóndor,
Fecha de publicación, distribución, etc. 1972.
300 ## - DESCRIPCIÓN FÍSICA
Extensión 174 p. ;
Dimensiones 19 cm.
500 ## - NOTA GENERAL
Nota general Incluye referencias bibliográficas y notas al pie de las páginas
504 ## - NOTA DE BIBLIOGRAFÍA, ETC.
Nota de bibliografía, etc. Bibliografía : p. 153-154
590 ## - NOTA LOCAL (RLIN)
Nota local Inventariado, 2019/BT
Holdings
Estado de retiro Estado de pérdida Restricciones de uso No para préstamo Código de colección Localización permanente Ubicación/localización actual Ubicación en estantería Fecha de adquisición Número de inventario Total de préstamos Signatura topográfica completa Código de barras Fecha visto por última vez Precio válido a partir de Tipo de ítem Koha
      Excluido de préstamo Monografías: Libros y Folletos General General Depósito 11.12.2013 LF1   xxxx xxxx 42545-10 25.06.2020 25.06.2020 No se presta

Powered by Koha